书目信息 |
| 题名: |
进攻的技巧
|
|
| 作者: | 韩纪光 编著 | |
| 分册: | ||
| 出版信息: | 北京 北京体育大学出版社 2003 |
|
| 页数: | 220页 | |
| 开本: | 19cm | |
| 丛书名: | 篮球小明星丛书 | |
| 单 册: | ||
| 中图分类: | G841.19 | |
| 科图分类: | ||
| 主题词: | 篮球运动--进攻--运动技术 | |
| 电子资源: | ||
| ISBN: | 7-81051-950-6 | |
| 000 | 00629nam2 2200217 45 | |
| 001 | 0401232049 | |
| 005 | 20040430091653.9 | |
| 010 | @a7-81051-950-6@dCNY18.00 | |
| 100 | @a20040123d2003 km y0chiy0120 ea | |
| 101 | 0 | @achi |
| 105 | @aa z 000yy | |
| 200 | 1 | @a进攻的技巧@AJin Gong De Ji Qiao@f韩纪光编著@FHan Ji Guang Bian Zhu |
| 210 | @a北京@c北京体育大学出版社@d2003 | |
| 215 | @a220页@c图@d19cm | |
| 225 | @a篮球小明星丛书 | |
| 410 | @12001 @a篮球小明星丛书 | |
| 606 | 0 | @a篮球运动@x进攻@x运动技术 |
| 690 | @aG841.19@v4 | |
| 701 | 0 | @a韩纪光@4编著 |
| 801 | @aCN@bTSTCL@c20040123 | |
| 905 | @b332146-150@dG841.19@e147@f5 | |
| 进攻的技巧/韩纪光编著.-北京:北京体育大学出版社,2003 |
| 220页:图;19cm.-(篮球小明星丛书) |
| ISBN 7-81051-950-6:CNY18.00 |
| ● |
| 相关链接 |
|
|
|
|
正题名:进攻的技巧
索取号:G841.19/147
 
预约/预借
| 序号 | 登录号 | 条形码 | 馆藏地/架位号 | 状态 | 备注 |
| 1 | 0332146 | 203321468 | 第四借阅区/ [索取号:G841.19/147] | 在馆 | |
| 2 | 0332147 | 203321477 | 第四借阅区/ [索取号:G841.19/147] | 在馆 | |
| 3 | 0332148 | 203321486 | 第四借阅区/ [索取号:G841.19/147] | 在馆 | |
| 4 | 0332149 | 203321495 | 第四借阅区/ [索取号:G841.19/147] | 在馆 | |
| 5 | 0332150 | 203321501 | 第一样本阅览室/ [索取号:G841.19/147] | 在馆 |